(دابستان مذاہب)Dabastaan-e-mazaahib (Urdu) (Record no. 38498)
[ view plain ]
| 000 -LEADER | |
|---|---|
| fixed length control field | 00599nam a2200193Ia 4500 |
| 001 - CONTROL NUMBER | |
| control field | 39183 |
| 003 - CONTROL NUMBER IDENTIFIER | |
| control field | OSt |
| 005 - DATE AND TIME OF LATEST TRANSACTION | |
| control field | 20160505094959.0 |
| 008 - FIXED-LENGTH DATA ELEMENTS--GENERAL INFORMATION | |
| fixed length control field | 140423s9999 xx 000 0 und d |
| 020 ## - INTERNATIONAL STANDARD BOOK NUMBER | |
| International Standard Book Number | 969469101x |
| 040 ## - CATALOGING SOURCE | |
| Transcribing agency | PK-LaUMT |
| 082 ## - DEWEY DECIMAL CLASSIFICATION NUMBER | |
| Classification number | 291 |
| Item number | KAK-D |
| 100 ## - MAIN ENTRY--PERSONAL NAME | |
| Personal name | Kaikhro Asfandar Yar |
| 245 ## - TITLE STATEMENT | |
| Title | (دابستان مذاہب)Dabastaan-e-mazaahib (Urdu) |
| Statement of responsibility, etc | (اسفند یار)Kaikhro Asfandar Yar |
| 260 ## - PUBLICATION, DISTRIBUTION, ETC. (IMPRINT) | |
| Place of publication, distribution, etc | (لاہور،پاکستان)Lahore,Pakistan: |
| Name of publisher, distributor, etc | (ادارہ ثقافت اسلامیہ)Idarah-e-Sikaft-e-Islamia, |
| Date of publication, distribution, etc | 2002 |
| 300 ## - PHYSICAL DESCRIPTION | |
| Extent | 423 p. |
| 546 ## - LANGUAGE NOTE | |
| Language note | UR |
| 942 ## - ADDED ENTRY ELEMENTS (KOHA) | |
| Koha item type | Books |
| Source of classification or shelving scheme | Dewey Decimal Classification |
| Withdrawn status | Lost status | Damaged status | Not for loan | Home library | Current library | Date acquired | Total Checkouts | Full call number | Barcode | Date last seen | Date checked out | Price effective from | Koha item type |
|---|---|---|---|---|---|---|---|---|---|---|---|---|---|
| UMT Main Campus | UMT Main Campus | 2014-04-23 | 5 | 291 KAK-D | 42192 | 2022-08-16 | 2022-08-02 | 2014-05-05 | Books |
